000 00574nam a22001937a 4500
003 0
005 20240111124032.0
008 240111b xxu||||| |||| 00| 0 eng d
020 _a978-0-7456-5132-3
050 _aP 90
_b.F76 2019
100 _aFrosh, Paul
245 _aThe poetics of digital media
_cPaul Frosh
260 _aMedford, MA
_bPolity
_cc2019.
300 _axix, 220 pages ;
_c22 cm.
504 _aIncludes bibliographical references, glossary, and index.
650 _aMass media--Philosophy.
650 _aDigital media--Philosophy.
942 _2lcc
_cBK
999 _c365853
_d365853